Põe-te boa, avózinha! (Registo nº 2134)

Detalhes MARC
000 -Etiqueta do registo
Cabeçalho 00953nas a22002891 4500
005 - Identificador da versão
Campo de controlo 20240813121925.0
095 ## -
-- PTBN00212982
021 ## - Número do Depósito Legal
Código do país PT
100 ## - Dados gerais de processamento
Dados gerais de processamento 20021116d1992 bc y0pory5003 ba
102 ## - Pais de publicação ou produção
País de publicação Portugal
101 1# - Língua de publicação
Língua do texto, banda sonora, etc. Português
Língua do documento no original Inglês
106 ## - Campo de dados codificados: material textual
Dados codificados do material textual r
105 ## - Campo de dados codificados: livros
Dados codificados dos livros a z 000fy
215 ## - Descrição física 
Indicação específica da natureza do documento e extensão da espécie [30] p.
Outras indicações físicas muito il.
Dimensões 27 cm
200 1# - Titulo e menção de responsabilidade
Título próprio Põe-te boa, avózinha!
Primeira menção de responsabilidade propr. TV Guia Sociedade Editora de Publicações
Outras menções de responsabilidade dir. Maria Emília Brederode Santos
225 2# - Colecção 
Título próprio da colecção Começar a ler com Rua sésamo
Menção de responsabilidade relativa à colecção ed. Jim Henson's Sesame Strret Muppets
Indicação de volume 9
210 ## - Publicação, Distribuição, etc. 
Lugar da edição, distribuição, etc. Lisboa
Nome do editor, distribuidor, etc. TV Guia
Data da publicação, distribuição, etc. cop. 1992
606 ## - Nome comum usado como assunto
Número de registo de entrada de autoridade 0000001
Palavra de ordem Literatura estrangeira infantil
Subdivisão de assunto Conto
620 ## - Acesso pelo local
City Lisboa
675 ## - Classificação Decimal Universal (CDU)
Notação 82-34
Edição
Língua da edição por
702 #1 - Nome de autor-pessoa física (responsabilidade secundária)
Número de registo de entrada de autoridade 0000902
Palavra de ordem Santos
Outra parte do nome não tomada para palavra de ordem Maria Emília Brederode
Código de função Diretor / Director teatral / Realizador
712 02 - Nome de colectividade-autor (responsabilidade secundária)
Número de registo de entrada de autoridade 0000903
Palavra de ordem Chilfren's Television Workshop/TV Guia Sociedade Editora
Código de função Editor comercial / Proprietário
942 ## - Elementos de entrada adicionados (Koha)
Tipo de item no Koha Livro
Exemplares
Situação do levantamento Origin of item (home branch) (coded) Biblioteca de empréstimo Código de barras Cota Circulation type (not for loan) Tipo de documento Nota do exemplar Damaged status
  Biblioteca Escolar da Coca Maravilhas Biblioteca Escolar da Coca Maravilhas BECM5435/02 8EST RUA   Periódico Sem mensagem